| 000 -LEADER |
| fixed length control field |
00277nam a22000977a 4500 |
| 008 - FIXED-LENGTH DATA ELEMENTS--GENERAL INFORMATION |
| fixed length control field |
160502b xxu||||| |||| 00| 0 eng d |
| 100 ## - MAIN ENTRY--AUTHOR'S NAME |
| Author's Name |
Scandinavian Collectors Club |
| 245 ## - TITLE STATEMENT |
| Title |
The Local Posts of Norway |
| 260 ## - PUBLICATION, DISTRIBUTION, ETC. (IMPRINT) |
| Name of publisher, distributor, etc. |
Scandinavian Collectors Club |
| Date of publication, distribution, etc. |
1972 |
| 700 ## - SECONDARY AUTHOR, EDITOR OR ILLUSTRATOR |
| Personal Name |
Hughmark, Gordon |